Vyrovnáme rozpočet navždy? Rozpočet a vestavěné stabilizátory
Problematika zostavenia vyrovnaného rozpočtu. Vhodnejšia alternatíva pre fiškálnu politiku vlády - cyklicky vyrovnaný rozpočet. Prípady mimoriadnych investícií. Snaha českej vlády presadiť ústavný zákon o vyrovnanom rozpočte.
Enregistré dans:
| Auteur principal: | |
|---|---|
| Format: | Chapitre de livre |
| Langue: | tchèque |
| Sujets: | |
| Tags: |
Pas de tags, Soyez le premier à ajouter un tag!
|
MARC
| LEADER | 00000naa a2200000 4500 | ||
|---|---|---|---|
| 001 | r015820 | ||
| 005 | 20221213082130.0 | ||
| 041 | 0 | |a cze | |
| 044 | |a CZ | ||
| 245 | 1 | 0 | |a Vyrovnáme rozpočet navždy? |b Rozpočet a vestavěné stabilizátory |c Tomáš Holub |
| 520 | |a Problematika zostavenia vyrovnaného rozpočtu. Vhodnejšia alternatíva pre fiškálnu politiku vlády - cyklicky vyrovnaný rozpočet. Prípady mimoriadnych investícií. Snaha českej vlády presadiť ústavný zákon o vyrovnanom rozpočte. | ||
| 610 | 2 | 0 | |a rozpočet štátny |
| 610 | 2 | 0 | |a politika fiškálna |
| 610 | 2 | 0 | |a Česko |
| 100 | 1 | |a Holub, Tomáš | |